[Event "88th YMCA Winter-C"]
[Site "Warszawa"]
[Date "2011.01.05"]
[Round "1"]
[White "Pastuszko, Kinga"]
[Black "Wrabel, Antoni"]
[Result "1-0"]
[WhiteElo "1795"]
[BlackElo "1751"]
[Annotator "Admin"]
[PlyCount "101"]
[EventDate "2011.01.04"]
[EventRounds "1"]
[EventCountry "POL"]
[SourceDate "2011.01.05"]

1. e4 e5 2. Nf3 d5 3. exd5 Qxd5 4. Nc3 Qc5 5. d4 exd4 6. Nxd4 Nf6 7. Be3 Qe5 8.
Be2 a6 9. O-O Bd6 10. g3 O-O 11. Bf3 Rd8 12. Bf4 Qa5 13. Nb3 Qb6 14. Be3 c5 15.
Qe2 Be6 16. Na4 Qb4 17. Naxc5 Bc4 18. Nd3 Bxd3 19. Qxd3 Nc6 20. Bxc6 bxc6 21.
c3 Qg4 22. Rad1 Qh3 23. f3 Nd5 24. Bf2 h5 25. Qe4 Re8 26. Qh4 Qxh4 $11 27. gxh4
Bf4 28. Rfe1 Be3 29. Bxe3 Nxe3 30. Rd6 Nf5 31. Rxe8+ Rxe8 32. Rxc6 Re2 33. Nd4
Nxd4 34. cxd4 Rxb2 35. Rxa6 Rb4 36. d5 Kf8 37. d6 Ke8 38. Kg2 Rxh4 39. Kg3 Rd4
40. a4 Kd7 41. a5 g5 42. Ra7+ Ke6 43. d7 f5 44. a6 f4+ 45. Kf2 g4 46. Rb7 Ke7
47. a7 Ra4 48. fxg4 hxg4 49. Rb8 g3+ 50. hxg3 fxg3+ 51. Kxg3 1-0

[Event "88th YMCA Winter-C"]
[Site "Warszawa"]
[Date "2011.01.04"]
[Round "1"]
[White "Starczewska, Malgorzata"]
[Black "Rogala, Lucyna"]
[Result "1/2-1/2"]
[WhiteElo "1810"]
[BlackElo "1736"]
[PlyCount "89"]
[EventDate "2011.01.04"]
[EventRounds "1"]
[EventCountry "POL"]
[SourceDate "2011.01.05"]

1. e4 c5 2. f4 Nc6 3. Nf3 e6 4. Bb5 Qc7 5. d3 d5 6. O-O Nf6 7. Nc3 Be7 8. Qe2
O-O 9. Bxc6 Qxc6 10. e5 Nd7 11. Bd2 b5 12. Rae1 Nb6 13. Qf2 b4 14. Nd1 Qa4 15.
Be3 d4 16. Bc1 Qxa2 17. Nd2 f5 18. exf6 Rxf6 19. Nb3 Bb7 20. Qe2 Bd6 21. Nf2
Raf8 22. Ne4 Bxe4 23. Qxe4 Qa4 24. Rf3 Qd7 25. Rh3 g6 26. Rg3 Nd5 27. Rg5 Qc7
28. g3 a5 29. f5 exf5 30. Qxd5+ Qf7 31. Qxf7+ Kxf7 32. Nxa5 h6 33. Nb7 hxg5 34.
Bxg5 Re6 35. Nd8+ Rxd8 36. Rxe6 Kxe6 37. Bxd8 Kd5 38. b3 f4 39. Kf2 fxg3+ 40.
hxg3 Ke5 41. Kf3 Kf5 42. g4+ Ke5 43. Bg5 Kd5 44. Bf4 Be7 45. Bc7 1/2-1/2

[Event "88th YMCA Winter-C"]
[Site "Warszawa"]
[Date "2011.01.04"]
[Round "1"]
[White "Zbrzeski, Piotr"]
[Black "Dominiczak, Adrian"]
[Result "1-0"]
[WhiteElo "1808"]
[BlackElo "1722"]
[Annotator "Admin"]
[PlyCount "95"]
[EventDate "2011.01.04"]
[EventRounds "1"]
[EventCountry "POL"]
[SourceDate "2011.01.05"]

1. d4 d5 2. c4 c6 3. cxd5 cxd5 4. Nc3 Nc6 5. Nf3 Nf6 6. Bf4 Bf5 7. Qb3 Qb6 8.
Qxb6 axb6 9. e3 e6 10. Nh4 Bg6 11. Nxg6 hxg6 12. Rc1 Kd7 13. Bd3 Nh5 14. Bg5 f6
15. Bh4 g5 16. Bg3 Nxg3 17. fxg3 f5 18. Bb5 Ra5 19. Kd2 Bb4 20. Bxc6+ bxc6 21.
a3 Bd6 22. Ne2 Rb8 23. h3 b5 24. Rc2 b4 25. axb4 Bxb4+ 26. Kd3 Bd6 27. Rhc1
Rb3+ 28. Rc3 Rab5 29. g4 Rxc3+ 30. bxc3 fxg4 31. hxg4 e5 32. Kc2 e4 33. Ra1 Rb8
34. Rf1 Ba3 35. Rf7+ Ke8 36. Rxg7 Rb2+ 37. Kd1 Rb1+ 38. Kd2 Be7 39. Rg8+ Kf7
40. Rc8 Rb2+ 41. Ke1 Rb6 42. Ng3 Rb1+ 43. Kf2 Rb2+ 44. Kg1 Bd6 45. Nf1 Rb6 46.
Rd8 Ke7 47. Rh8 Rb3 48. Rh5 $138 1-0

[Event "88th YMCA Winter-C"]
[Site "Warszawa"]
[Date "2011.01.04"]
[Round "1"]
[White "Major, Boguslaw"]
[Black "Wilczynski, Adam"]
[Result "1-0"]
[WhiteElo "1811"]
[BlackElo "1768"]
[PlyCount "135"]
[EventDate "2011.01.04"]
[EventRounds "1"]
[EventCountry "POL"]
[SourceDate "2011.01.05"]

1. e4 c5 2. d3 Nc6 3. Nd2 Nf6 4. g3 d5 5. Bg2 Bg4 6. f3 Bd7 7. Ne2 e5 8. O-O
Be7 9. Nc3 dxe4 10. Ndxe4 Nxe4 11. fxe4 Be6 12. Nd5 Bd6 13. Be3 O-O 14. Qh5 f6
15. Rf2 Qe8 16. Qe2 Qg6 17. Raf1 Bg4 18. Bf3 Nd4 19. Bxd4 Bxf3 20. Rxf3 cxd4
21. Kg2 Rac8 22. Rf5 Rc6 23. h4 Rfc8 24. c4 dxc3 25. bxc3 h6 26. h5 Qf7 27. Qg4
Kh8 28. Kh3 Rg8 29. Qe2 Qe6 30. Kh2 Ra6 31. Qd2 Qd7 32. Nxf6 gxf6 33. Rxf6 Bf8
34. Rxf8 Rxf8 35. Rxf8+ Kg7 36. Rf5 Qe6 37. c4 b5 38. Qb2 bxc4 39. dxc4 Rb6 40.
Qxe5+ Qxe5 41. Rxe5 Rb2+ 42. Kh3 Rxa2 43. c5 Kf6 44. Rd5 Rc2 45. Rd6+ Ke5 46.
Rxh6 Rxc5 47. Ra6 Kxe4 48. Kg4 Rc7 49. Kg5 Kf3 50. Ra3+ Ke4 51. h6 Rc5+ 52. Kh4
Rc7 53. g4 Ke5 54. Kh5 Kf6 55. Ra6+ Kf7 56. g5 Kg8 57. Kg6 Rb7 58. Rc6 Rb8 59.
Kf6 Rf8+ 60. Ke6 Kh7 61. Rc7+ Kh8 62. Rxa7 Rf1 63. Rf7 Re1+ 64. Kf6 Re8 65. g6
Rb8 66. g7+ Kh7 67. Rf8 Rxf8+ 68. gxf8=R 1-0

[Event "88th YMCA Winter-C"]
[Site "Warszawa"]
[Date "2011.01.21"]
[Round "1"]
[White "Nairi, Laurent"]
[Black "Budrewicz, Henryk"]
[Result "1-0"]
[WhiteElo "1777"]
[BlackElo "1625"]
[PlyCount "95"]
[EventDate "2011.01.04"]
[EventRounds "1"]
[EventCountry "POL"]
[SourceDate "2011.01.05"]

1. c4 e6 2. Nc3 b6 3. Nf3 Bb7 4. g3 Nf6 5. Bg2 c5 6. O-O d5 7. cxd5 Nxd5 8. b3
Be7 9. Bb2 O-O 10. Qc2 Nc6 11. Rac1 Rc8 12. Rfd1 Nd4 13. Qd3 Nb4 14. Qe3 Nbc2
15. Qf4 g5 16. Qg4 f5 17. Qh5 Nxf3+ 18. Bxf3 Bxf3 19. Qxf3 g4 20. Qb7 Rc7 21.
Qg2 Nd4 22. Re1 Bf6 23. Na4 Bg5 24. Rcd1 Rd7 25. Bxd4 Rxd4 26. d3 h5 27. Nb2 f4
28. Qc6 Qf6 29. f3 fxg3 30. hxg3 Be3+ 31. Kh2 h4 32. Rf1 hxg3+ 33. Kg2 Bf2 34.
Nc4 gxf3+ 35. exf3 Rh4 36. Rh1 Rxh1 37. Rxh1 Rd8 38. Qe4 Qf5 39. Qh4 Rd7 40.
Qh8+ Kf7 41. Rh7+ Qxh7 42. Qxh7+ Ke8 43. Qg8+ Ke7 44. Ne5 Rd5 45. Qf7+ Kd6 46.
f4 c4 47. dxc4 Rd2 48. Qd7+ 1-0

[Event "88th YMCA Winter-C"]
[Site "Warszawa"]
[Date "2011.01.13"]
[Round "2"]
[White "Wrabel, Antoni"]
[Black "Budrewicz, Henryk"]
[Result "1-0"]
[WhiteElo "1751"]
[BlackElo "1625"]
[PlyCount "95"]
[EventDate "2011.01.04"]
[EventRounds "1"]
[EventCountry "POL"]
[SourceDate "2011.01.05"]

1. e4 e6 2. d4 b6 3. Nf3 Bb7 4. Bd3 Nf6 5. Qe2 Be7 6. O-O O-O 7. Nbd2 d6 8. c3
Nbd7 9. Nb3 e5 10. Bg5 a5 11. a4 Ng4 12. Bxe7 Qxe7 13. h3 Nh6 14. g4 g5 15.
Nbd2 f6 16. Nc4 Rae8 17. d5 Nc5 18. Bc2 Bc8 19. b4 Nb7 20. Rfb1 Qf7 21. Nfd2
Qd7 22. Nb3 axb4 23. cxb4 Nf7 24. Ne3 Nh8 25. a5 bxa5 26. Nxa5 Ng6 27. Ng2 Nxa5
28. bxa5 Qf7 29. Ba4 Bd7 30. Qc4 Bxa4 31. Rxa4 Rb8 32. Rc1 Qd7 33. Qc6 Rfd8 34.
a6 Ne7 35. Qxd7 Rxd7 36. Rac4 c5 37. dxc6 Rc7 38. Ne3 Ra8 39. Nd5 Nxd5 40. exd5
Rxa6 41. Rb4 Ra5 42. Rb7 Rc8 43. c7 Raa8 44. Rcb1 Kf7 45. Rb8 Ke7 46. Rxa8 Rxa8
47. Rb8 Ra1+ 48. Kg2 1-0

[Event "88th YMCA Winter-C"]
[Site "Warszawa"]
[Date "2011.01.11"]
[Round "2"]
[White "Wilczynski, Adam"]
[Black "Nairi, Laurent"]
[Result "0-1"]
[WhiteElo "1768"]
[BlackElo "1777"]
[PlyCount "134"]
[EventDate "2011.01.04"]
[EventRounds "1"]
[EventCountry "POL"]
[SourceDate "2011.01.05"]

1. c4 c5 2. g3 Nc6 3. Bg2 Nf6 4. Nc3 g6 5. Nf3 Bg7 6. O-O O-O 7. d4 cxd4 8.
Nxd4 Nxd4 9. Qxd4 d6 10. Qh4 Re8 11. Bh6 Kh8 12. Rad1 Qa5 13. h3 Be6 14. Bd2
Qc5 15. b3 Rab8 16. Be3 Qa5 17. Bd4 g5 18. b4 gxh4 19. bxa5 hxg3 20. fxg3 b6
21. axb6 axb6 22. Nd5 Nxd5 23. cxd5 Bxd4+ 24. Rxd4 Bd7 25. Rdf4 f6 26. Rh4 Kg7
27. Be4 h6 28. Bc2 Rbc8 29. Bb3 Rc3 30. Kg2 Rec8 31. Re4 Kf7 32. Rf3 Bb5 33.
Rxc3 Rxc3 34. Rb4 Bxe2 35. Kf2 Ba6 36. Rxb6 Bc8 37. h4 f5 38. Rb4 Ba6 39. Rb6
Bd3 40. Rc6 Rxc6 41. dxc6+ Ke8 42. Be6 Kd8 43. Ke3 Be4 44. Kf4 Bxc6 45. Kxf5 h5
46. Kg5 Bf3 47. Kf4 Be2 48. g4 hxg4 49. Bxg4 e5+ 50. Kg3 Bc4 51. a3 Ke7 52. Bd1
Kf6 53. Kf3 d5 54. Ke3 Kf5 55. a4 d4+ 56. Kd2 e4 57. Be2 d3 58. Bh5 Kf4 59. Kc3
e3 60. Kxc4 e2 61. Kxd3 e1=Q 62. Kc4 Qxh4 63. Be8 Ke5+ 64. Kb3 Qg3+ 65. Kb4
Qf4+ 66. Ka5 Qd2+ 67. Ka6 Qd6+ 0-1

[Event "88th YMCA Winter-C"]
[Site "Warszawa"]
[Date "2011.01.11"]
[Round "2"]
[White "Dominiczak, Adrian"]
[Black "Major, Boguslaw"]
[Result "1-0"]
[WhiteElo "1722"]
[BlackElo "1811"]
[PlyCount "83"]
[EventDate "2011.01.04"]
[EventRounds "1"]
[EventCountry "POL"]
[SourceDate "2011.01.05"]

1. e4 Nf6 2. Nc3 d5 3. e5 d4 4. exf6 dxc3 5. fxg7 cxd2+ 6. Bxd2 Bxg7 7. c3 Be6
8. Nf3 Nd7 9. Qc2 Nf6 10. Bd3 Qd5 11. c4 Qc5 12. Be3 Qa5+ 13. Bd2 Qh5 14. Ng5
Bd7 15. Be2 Qg6 16. Bd3 Qh5 17. Be2 Bg4 18. Qa4+ c6 19. f3 Bd7 20. Qb3 O-O 21.
h4 Qg6 22. g4 Ne8 23. Bd3 Qd6 24. Bxh7+ Kh8 25. O-O-O b5 26. Be3 bxc4 27. Qxc4
Qe5 28. Bd4 Qf4+ 29. Kb1 e5 30. Nh3 Qxf3 31. Bc5 Be6 32. Qc2 Bd5 33. Ng5 Qxg4
34. Bxf8 Bxf8 35. Rhg1 Qh5 36. Rxd5 cxd5 37. Qf5 Nd6 38. Qf6+ Bg7 39. Qxd6 f6
40. Qxd5 Re8 41. Qe4 fxg5 42. Bg6 1-0

[Event "88th YMCA Winter-C"]
[Site "Warszawa"]
[Date "2011.01.11"]
[Round "2"]
[White "Rogala, Lucyna"]
[Black "Krzyzanowski, Antoni"]
[Result "0-1"]
[WhiteElo "1736"]
[BlackElo "1793"]
[PlyCount "112"]
[EventDate "2011.01.04"]
[EventRounds "1"]
[EventCountry "POL"]
[SourceDate "2011.01.05"]

1. e4 c5 2. Nf3 e6 3. d4 cxd4 4. Nxd4 a6 5. Nc3 b5 6. Bd3 Bb7 7. Nb3 Nc6 8. Be3
d6 9. f4 Nf6 10. Qe2 Be7 11. a3 O-O 12. g4 b4 13. Na4 Nd7 14. g5 e5 15. h4 exf4
16. Bxf4 Nce5 17. axb4 f5 18. Rf1 Nxd3+ 19. cxd3 d5 20. e5 Bxb4+ 21. Bd2 Bxd2+
22. Kxd2 Qe7 23. d4 Qb4+ 24. Kc2 Rac8+ 25. Nc3 Nb6 26. Qd3 Nc4 27. Rfe1 f4 28.
Ra2 Ne3+ 29. Rxe3 fxe3 30. Qxe3 Rc4 31. Na5 Bc8 32. Nxc4 Bf5+ 33. Kd2 Qxc4 34.
h5 Bg4 35. Ra4 Qb3 36. Ke1 Rf3 37. Qe2 Rg3 38. Qd2 Bxh5 39. Rxa6 Qb7 40. Ra5
Rg1+ 41. Kf2 Rh1 42. Kg2 Bf3+ 43. Kxf3 Qf7+ 44. Kg3 Rg1+ 45. Kh2 Qf1 46. Ra8+
Kf7 47. Ra7+ Kg6 48. Ra6+ Kf7 49. Ra7+ Kg6 50. Ra6+ Kf7 51. Ra7+ Ke8 52. Ra8+
Kd7 53. Ra7+ Kc8 54. Nxd5 Rh1+ 55. Kg3 Rh3+ 56. Kg4 Qf3# 0-1

[Event "88th YMCA Winter-C"]
[Site "Warszawa"]
[Date "2011.01.19"]
[Round "2"]
[White "Pastuszko, Kinga"]
[Black "Starczewska, Malgorzata"]
[Result "1/2-1/2"]
[WhiteElo "1795"]
[BlackElo "1810"]
[PlyCount "40"]
[EventDate "2011.01.04"]
[EventRounds "1"]
[EventCountry "POL"]
[SourceDate "2011.01.05"]

1. e4 g6 2. d4 Bg7 3. Nc3 d6 4. Nf3 c6 5. h3 b5 6. a3 a6 7. Be2 Nf6 8. O-O O-O
9. Be3 Bb7 10. Qd2 Qc7 11. Rad1 Nbd7 12. Bh6 c5 13. Bxg7 Kxg7 14. dxc5 Qxc5 15.
Bd3 Nb6 16. Rfe1 Rfd8 17. Qe3 Qxe3 18. Rxe3 Rac8 19. Re2 e6 20. Red2 d5 1/2-1/2

[Event "88th YMCA Winter-C"]
[Site "Warszawa"]
[Date "2011.01.18"]
[Round "3"]
[White "Starczewska, Malgorzata"]
[Black "Wrabel, Antoni"]
[Result "1-0"]
[WhiteElo "1810"]
[BlackElo "1751"]
[PlyCount "131"]
[EventDate "2011.01.04"]
[EventRounds "1"]
[EventCountry "POL"]
[SourceDate "2011.01.05"]

1. e4 e5 2. Nf3 Nc6 3. Bb5 a6 4. Ba4 b5 5. Bb3 Bb7 6. O-O g6 7. c3 Bg7 8. d4
Nge7 9. Bg5 h6 10. Bh4 O-O 11. d5 Na5 12. d6 cxd6 13. Qxd6 Nxb3 14. axb3 g5 15.
Bg3 f6 16. Nbd2 Nc8 17. Qd3 d5 18. exd5 Qxd5 19. Qxd5+ Bxd5 20. c4 Bc6 21. Rfd1
Ne7 22. Ne1 f5 23. f3 Rfd8 24. Nc2 e4 25. fxe4 Bxb2 26. Rab1 Bc3 27. Be1 Bxd2
28. Bxd2 Bxe4 29. Rbc1 Bxc2 30. Rxc2 Rd3 31. Re1 Kf7 32. cxb5 Nd5 33. bxa6 Rxa6
34. b4 Rb3 35. Rc5 Nxb4 36. Rxf5+ Kg6 37. Rb5 Ra4 38. Rb6+ Kf5 39. Rf1+ Ke4 40.
Rxh6 Rb2 41. Bxg5 Raa2 42. Rh4+ Kd5 43. Rg4 Nc6 44. Bf6 Re2 45. h4 Ke6 46. h5
Ra5 47. h6 Rh5 48. Bg7 Ne5 49. Bxe5 Rexe5 50. Rg8 Ke7 51. Rg7+ Ke6 52. h7 Rh6
53. g4 Re3 54. Rg8 Reh3 55. Re8+ Kd7 56. h8=Q Rxh8 57. Rxh8 Rxh8 58. Kg2 Ke7
59. Kg3 Rf8 60. Rxf8 Kxf8 61. Kf4 Kf7 62. Kf5 Kg7 63. Kg5 Kf7 64. Kh6 Kf6 65.
g5+ Kf7 66. Kh7 1-0

[Event "88th YMCA Winter-C"]
[Site "Warszawa"]
[Date "2011.01.18"]
[Round "3"]
[White "Krzyzanowski, Antoni"]
[Black "Pastuszko, Kinga"]
[Result "0-1"]
[WhiteElo "1793"]
[BlackElo "1795"]
[PlyCount "110"]
[EventDate "2011.01.04"]
[EventRounds "1"]
[EventCountry "POL"]
[SourceDate "2011.01.05"]

1. e4 e5 2. f4 exf4 3. Nf3 d5 4. exd5 Nf6 5. Bc4 Nxd5 6. Bb3 Be7 7. c4 Nf6 8.
d4 O-O 9. O-O Bg4 10. Bxf4 Nc6 11. d5 Bc5+ 12. Kh1 Nd4 13. Nc3 Nxf3 14. gxf3
Bh3 15. Re1 Nh5 16. Be5 Qg5 17. Qc2 Nf4 18. Bxf4 Qxf4 19. Qe4 Qg5 20. f4 Qg4
21. Bd1 Qh4 22. Be2 Rae8 23. Qf3 Re3 24. Qh5 Qxf4 25. Rg1 Rfe8 26. Rg3 Rxg3 27.
hxg3 Qxg3 28. Qf3 Qxf3+ 29. Bxf3 Re3 30. Bg2 Bxg2+ 31. Kxg2 Bb4 32. Rb1 Bxc3
33. bxc3 b6 34. c5 Rxc3 35. cxb6 axb6 36. a4 g6 37. d6 cxd6 38. Rxb6 Ra3 39.
Ra6 Kg7 40. a5 d5 41. Kf2 d4 42. Ra8 h5 43. a6 h4 44. a7 g5 45. Kg2 d3 46. Rd8
Rxa7 47. Rxd3 Kg6 48. Kh3 f5 49. Rd8 Ra3+ 50. Kh2 g4 51. Rg8+ Kh5 52. Rh8+ Kg5
53. Rg8+ Kf4 54. Rh8 Ra2+ 55. Kg1 Kg3 0-1

[Event "88th YMCA Winter-C"]
[Site "Warszawa"]
[Date "2011.01.21"]
[Round "3"]
[White "Bartczak, Hanna"]
[Black "Rogala, Lucyna"]
[Result "1-0"]
[WhiteElo "1682"]
[BlackElo "1736"]
[PlyCount "171"]
[EventDate "2011.01.04"]
[EventRounds "1"]
[EventCountry "POL"]
[SourceDate "2011.01.05"]

1. Nf3 Nf6 2. g3 b6 3. Bg2 Bb7 4. c4 e6 5. Nc3 Be7 6. O-O O-O 7. d3 d6 8. b3
Nbd7 9. Bb2 Ne8 10. Qc2 c5 11. Rad1 f5 12. e3 Qc8 13. Ne2 g5 14. d4 Be4 15. Qd2
Qb7 16. Ne1 Bxg2 17. Nxg2 Qf3 18. Nc3 Qh5 19. Qe2 Qh3 20. f4 g4 21. e4 cxd4 22.
Rxd4 e5 23. fxe5 Nxe5 24. Nf4 Qh6 25. exf5 Bg5 26. Re4 Nf3+ 27. Kh1 Nf6 28. Re6
Nd4 29. Qe1 Nf3 30. Qe2 Bxf4 31. gxf4 Nd4 32. Rxf6 Rxf6 33. Qxg4+ Kf8 34. Rg1
Kf7 35. Nd5 Nxf5 36. Bxf6 Qg6 37. Qxg6+ hxg6 38. Re1 Rb8 39. Kg2 b5 40. Kf3
bxc4 41. bxc4 Rc8 42. Rc1 Rc5 43. Ke4 Ra5 44. Rc2 Ra4 45. Bg5 Ra3 46. Bd8 Ke8
47. Bf6 Kf7 48. Bc3 Ra6 49. Bb4 Rc6 50. a3 Rc8 51. c5 Re8+ 52. Kd3 dxc5 53.
Rxc5 Rd8 54. Kc3 Ke6 55. Nc7+ Kf7 56. Re5 Rd7 57. Nd5 Rd8 58. Ne3 Nd4 59. Re7+
Kg8 60. Ng4 Nc6 61. Rc7 Nxb4 62. Kxb4 Rd4+ 63. Rc4 Rd6 64. Ne5 Kg7 65. Kb5 Rb6+
66. Ka5 Rd6 67. Rc7+ Kh6 68. Rxa7 g5 69. fxg5+ Kh5 70. Nf7 Rd5+ 71. Kb6 Rd2 72.
a4 Rxh2 73. a5 Kg6 74. Rc7 Rb2+ 75. Ka7 Kf5 76. a6 Kg6 77. Rb7 Re2 78. Ka8 Re8+
79. Ka7 Re6 80. Rc7 Re1 81. Kb8 Rb1+ 82. Rb7 Re1 83. Rc7 Rb1+ 84. Kc8 Rf1 85.
a7 Ra1 86. Kb8 1-0

[Event "88th YMCA Winter-C"]
[Site "Warszawa"]
[Date "2011.01.18"]
[Round "3"]
[White "Nairi, Laurent"]
[Black "Dominiczak, Adrian"]
[Result "0-1"]
[WhiteElo "1777"]
[BlackElo "1722"]
[PlyCount "38"]
[EventDate "2011.01.04"]
[EventRounds "1"]
[EventCountry "POL"]
[SourceDate "2011.01.05"]

1. c4 c6 2. Nc3 d5 3. d4 e6 4. Nf3 Nf6 5. Bg5 dxc4 6. e4 b5 7. e5 h6 8. Bh4 g5
9. Nxg5 hxg5 10. Bxg5 Nbd7 11. exf6 Qb6 12. g3 Bb7 13. Bg2 c5 14. Bxb7 Qxb7 15.
O-O O-O-O 16. Rc1 Bd6 17. a4 Rxh2 18. Kxh2 Rh8+ 19. Bh4 Rxh4+ 0-1

[Event "88th YMCA Winter-C"]
[Site "Warszawa"]
[Date "2011.01.20"]
[Round "3"]
[White "Budrewicz, Henryk"]
[Black "Wilczynski, Adam"]
[Result "1/2-1/2"]
[WhiteElo "1625"]
[BlackElo "1768"]
[PlyCount "133"]
[EventDate "2011.01.04"]
[EventRounds "1"]
[EventCountry "POL"]
[SourceDate "2011.01.05"]

1. d4 Nf6 2. Nf3 e6 3. e3 c5 4. Bd3 d5 5. c3 Be7 6. Nbd2 Nc6 7. O-O O-O 8. Ne5
Qc7 9. f4 Nd7 10. Rf3 f5 11. Rh3 Nf6 12. Ndf3 c4 13. Bc2 b5 14. Nxc6 Qxc6 15.
Ne5 Qc7 16. a3 Bd6 17. Bd2 a5 18. Qe1 Bb7 19. Qh4 g6 20. Rg3 Qg7 21. Rf3 Rab8
22. h3 Ba8 23. g4 Ne4 24. Bxe4 fxe4 25. Rf2 b4 26. axb4 axb4 27. Ra6 bxc3 28.
Bxc3 Qc7 29. Ba5 Be7 30. g5 Qc8 31. Ra7 Rb7 32. Rxb7 Qxb7 33. Rc2 Qb3 34. Re2
Qb5 35. Bc3 Bb7 36. Qg4 Bc8 37. h4 Bd6 38. h5 Bxe5 39. dxe5 Rf7 40. Rh2 Rg7 41.
hxg6 Rxg6 42. Qh5 Qb7 43. Ba5 Qa7 44. Kf2 d4 45. Bb6 dxe3+ 46. Bxe3 Qd7 47. Rh1
Bb7 48. Rd1 Bd5 49. Rd4 Qb7 50. Qe2 h6 51. Qd2 hxg5 52. fxg5 Qf7+ 53. Ke1 Qf3
54. Qf2 Qxf2+ 55. Kxf2 Rg7 56. Bf4 Rf7 57. Ke3 Rb7 58. Rd2 Rb3+ 59. Ke2 Rf3 60.
Be3 Rf5 61. Rd1 Rxe5 62. Bf4 Rf5 63. Be3 Rf7 64. Rh1 Rh7 65. Rh6 Rxh6 66. gxh6
Bc6 67. Bd4 1/2-1/2

[Event "88th YMCA Winter-C"]
[Site "Warszawa"]
[Date "2011.01.25"]
[Round "4"]
[White "Wrabel, Antoni"]
[Black "Wilczynski, Adam"]
[Result "1-0"]
[WhiteElo "1751"]
[BlackElo "1768"]
[PlyCount "91"]
[EventDate "2011.01.04"]
[EventRounds "1"]
[EventCountry "POL"]
[SourceDate "2011.01.05"]

1. e4 c5 2. Nf3 d6 3. d4 cxd4 4. Nxd4 Nf6 5. f3 a6 6. c4 Nc6 7. Nc2 h5 8. Nc3
e6 9. Be3 Be7 10. Be2 Qc7 11. Qd2 Ne5 12. b3 b6 13. O-O Bb7 14. Rfd1 Rc8 15.
Na4 Ned7 16. Rac1 O-O 17. Qe1 Nc5 18. Nb2 Rfd8 19. Qf2 Rb8 20. b4 Ncd7 21. Na4
Ba8 22. Nd4 Qa7 23. Nb2 Rbc8 24. Nd3 d5 25. exd5 exd5 26. Nf5 Bf8 27. Qg3 Kh7
28. Nf4 g6 29. Nh4 Qb8 30. Bd3 Ne5 31. Bb1 Bh6 32. Nhxg6 Ne4 33. Nxe5 Qxe5 34.
fxe4 dxe4 35. Qf2 Rg8 36. Nd5 Bxe3 37. Nxe3 Rg7 38. Qf5+ Qxf5 39. Nxf5 Rg5 40.
Ne3 f5 41. Rd7+ Kh8 42. Rcd1 Bc6 43. Rd8+ Rxd8 44. Rxd8+ Kg7 45. h4 Rg3 46.
Nxf5+ 1-0

[Event "88th YMCA Winter-C"]
[Site "Warszawa"]
[Date "2011.01.27"]
[Round "4"]
[White "Dominiczak, Adrian"]
[Black "Budrewicz, Henryk"]
[Result "1-0"]
[WhiteElo "1722"]
[BlackElo "1625"]
[PlyCount "69"]
[EventDate "2011.01.04"]
[EventRounds "1"]
[EventCountry "POL"]
[SourceDate "2011.01.05"]

1. e4 c5 2. Nf3 Nc6 3. d4 cxd4 4. Nxd4 e5 5. Nb5 d6 6. N1c3 a6 7. Na3 b5 8. Nd5
Be6 9. c3 Be7 10. Be3 Rb8 11. Nc2 Nf6 12. f3 O-O 13. Be2 Nd7 14. O-O f5 15.
Ncb4 Nxb4 16. Nxb4 Qc8 17. a4 f4 18. Bf2 Nc5 19. axb5 axb5 20. Nd5 Bd8 21. b4
Nd7 22. Qd2 Qc6 23. Rfd1 Kh8 24. Qd3 g5 25. Rdc1 Bxd5 26. exd5 Qc8 27. c4 bxc4
28. Rxc4 Qb7 29. Ra7 Qb5 30. Qc2 Bb6 31. Rcc7 Bxf2+ 32. Kxf2 Qb6+ 33. Kf1 Rfc8
34. Rxc8+ Rxc8 35. Qxc8+ 1-0

[Event "88th YMCA Winter-C"]
[Site "Warszawa"]
[Date "2011.01.25"]
[Round "4"]
[White "Rogala, Lucyna"]
[Black "Zbrzeski, Piotr"]
[Result "1/2-1/2"]
[WhiteElo "1736"]
[BlackElo "1808"]
[PlyCount "136"]
[EventDate "2011.01.04"]
[EventRounds "1"]
[EventCountry "POL"]
[SourceDate "2011.01.05"]

1. e4 Nf6 2. Nc3 d5 3. exd5 Nxd5 4. Bc4 Be6 5. Qf3 c6 6. Nge2 Qd7 7. Bxd5 Bxd5
8. Nxd5 cxd5 9. d4 e6 10. Bf4 Bd6 11. Qg3 Bxf4 12. Qxg7 Rf8 13. Nxf4 Qc7 14.
Nxe6 Qa5+ 15. c3 fxe6 16. Qxb7 Kd8 17. Qxa8 Kc7 18. O-O Nd7 19. Qxf8 Nxf8 20.
Rfe1 Qb5 21. b4 Kd6 22. a4 Qc4 23. Re3 Qb3 24. a5 a6 25. Rae1 Qc4 26. Rf3 Ke7
27. Re5 Ng6 28. Rh5 Nf8 29. h3 Qa2 30. Rh6 Qb1+ 31. Kh2 Nd7 32. Rg3 Kf7 33. Re3
Nf8 34. Rf3+ Ke7 35. Rhf6 Nd7 36. Rf7+ Ke8 37. Rg7 Qe4 38. Rff7 Nf8 39. f3 Qe3
40. Ra7 Qf4+ 41. Kg1 Nd7 42. Raxd7 Qc1+ 43. Kf2 Qxc3 44. Rde7+ Kf8 45. Rgf7+
Kg8 46. Rg7+ Kf8 47. Rgf7+ Kg8 48. Rb7 Qxd4+ 49. Kg3 Qe5+ 50. Kh4 d4 51. Rg7+
Kf8 52. Rgc7 Qf6+ 53. Kg3 Qg5+ 54. Kh2 Qe5+ 55. Kg1 Qe1+ 56. Kh2 Qe5+ 57. f4
Qxf4+ 58. Kg1 Qe3+ 59. Kf1 Qd3+ 60. Ke1 Qe3+ 61. Kd1 Qd3+ 62. Kc1 Qf1+ 63. Kb2
Qxg2+ 64. Ka3 Qf3+ 65. Kb2 Qg2+ 66. Kb3 Qf3+ 67. Kb2 Qg2+ 68. Kb3 Qf3+ 1/2-1/2

[Event "88th YMCA Winter-C"]
[Site "Warszawa"]
[Date "2011.01.28"]
[Round "4"]
[White "Pastuszko, Kinga"]
[Black "Bartczak, Hanna"]
[Result "1-0"]
[WhiteElo "1795"]
[BlackElo "1682"]
[PlyCount "105"]
[EventDate "2011.01.04"]
[EventRounds "1"]
[EventCountry "POL"]
[SourceDate "2011.01.05"]

1. e4 d6 2. d4 Nf6 3. Nc3 Nbd7 4. f4 e5 5. Nf3 c6 6. dxe5 dxe5 7. Bc4 Bc5 8.
fxe5 Ng4 9. Bxf7+ Kxf7 10. Ng5+ Ke8 11. Qxg4 Nxe5 12. Qf4 Qe7 13. Rf1 h6 14.
Nf3 Nc4 15. b3 Rf8 16. Qh4 Qxh4+ 17. Nxh4 Bb4 18. Rxf8+ Kxf8 19. Bd2 Ne3 20.
Rc1 g5 21. Ke2 gxh4 22. Kxe3 Bc5+ 23. Kd3 Be6 24. Bxh6+ Kg8 25. h3 Rd8+ 26. Ke2
Kh7 27. Bg5 Rd4 28. Be3 Ba3 29. Bxd4 Bxc1 30. Bf6 Bb2 31. Kd2 Bxc3+ 32. Kxc3 c5
33. Bxh4 Kg6 34. g4 b6 35. Kd3 Kf7 36. Ke3 Bd7 37. Kf4 Bb5 38. Bg3 Be2 39. h4
Bd1 40. c3 Bc2 41. Kf5 Bb1 42. a3 Bc2 43. b4 cxb4 44. cxb4 Bb3 45. h5 Be6+ 46.
Kf4 Kg7 47. g5 b5 48. Bf2 a6 49. Bd4+ Kh7 50. Be3 Bc4 51. g6+ Kg7 52. Kg5 Be6
53. h6+ 1-0

[Event "88th YMCA Winter-C"]
[Site "Warszawa"]
[Date "2011.01.25"]
[Round "4"]
[White "Starczewska, Malgorzata"]
[Black "Krzyzanowski, Antoni"]
[Result "1-0"]
[WhiteElo "1810"]
[BlackElo "1793"]
[PlyCount "101"]
[EventDate "2011.01.04"]
[EventRounds "1"]
[EventCountry "POL"]
[SourceDate "2011.01.05"]

1. e4 c5 2. Ne2 e5 3. Nbc3 Nc6 4. g3 d6 5. Bg2 Be6 6. d3 g6 7. O-O h5 8. f4 Qd7
9. fxe5 dxe5 10. Bg5 Bg7 11. Nd5 f5 12. Nec3 h4 13. Qd2 hxg3 14. hxg3 Nd4 15.
Rae1 Rh5 16. Nd1 f4 17. gxf4 Bh3 18. c3 Bxg2 19. Qxg2 Ne6 20. Rf3 exf4 21. Bxf4
g5 22. Bd2 O-O-O 23. Ref1 Be5 24. Rh3 Qh7 25. Nf2 Rh4 26. Rxh4 Qxh4 27. Qh3 Rd7
28. Qxh4 gxh4 29. Nh3 Rg7+ 30. Kh1 Rg3 31. Nhf4 Ng5 32. Be1 Rf3 33. Rxf3 Nxf3
34. Bf2 Nf6 35. Bxc5 Ng4 36. Kg2 Ngh2 37. Ng6 Ne1+ 38. Kh3 Bg3 39. Nde7+ Kd7
40. d4 Nd3 41. Nf5 Nf2+ 42. Kg2 Nxe4 43. Nxg3 hxg3 44. Ne5+ Ke6 45. Bxa7 Kf5
46. Bb8 Kg5 47. Nf3+ Nxf3 48. Kxf3 Kh4 49. Kxe4 Kh3 50. Bxg3 Kxg3 51. d5 1-0

[Event "88th YMCA Winter-C"]
[Site "Warszawa"]
[Date "2011.02.03"]
[Round "5"]
[White "Krzyzanowski, Antoni"]
[Black "Wrabel, Antoni"]
[Result "0-1"]
[WhiteElo "1793"]
[BlackElo "1751"]
[PlyCount "120"]
[EventDate "2011.01.04"]
[EventRounds "1"]
[EventCountry "POL"]
[SourceDate "2011.01.05"]

1. d4 d5 2. c4 c6 3. Nf3 e6 4. Nc3 Nf6 5. Bg5 Be7 6. e3 O-O 7. h4 Nbd7 8. Qc2
Re8 9. Bd3 dxc4 10. Bxc4 b5 11. Bd3 Bb7 12. Rd1 Rc8 13. Qb1 Qb6 14. Ne5 Nf8 15.
Ne4 Nxe4 16. Bxe4 f6 17. Nf3 c5 18. dxc5 Bxc5 19. b4 Be7 20. Bxb7 Qxb7 21. Bf4
Rc4 22. a3 Rec8 23. O-O Rc3 24. Qb2 Qc6 25. Nd4 Qc4 26. Bg3 g6 27. Rd2 e5 28.
Nf3 Rc6 29. Bxe5 fxe5 30. Nxe5 Qe6 31. Nxc6 Rxc6 32. g3 Nd7 33. Qd4 Rd6 34. Qc3
Rxd2 35. Qxd2 Ne5 36. Kg2 Bxh4 37. Qd4 Bf6 38. Qxa7 Qd5+ 39. f3 Nc4 40. Rf2 Qd3
41. Kh2 Nxe3 42. Qb8+ Kf7 43. Qc7+ Be7 44. Qf4+ Ke6 45. Kh3 g5 46. Qe4+ Qxe4
47. fxe4 h5 48. Re2 g4+ 49. Kh2 Bg5 50. Kg1 Ke5 51. Kf2 Nd1+ 52. Ke1 Nc3 53.
Rc2 Nxe4 54. a4 bxa4 55. b5 Be3 56. Ra2 Nc3 57. Ra3 Bd4 58. Kf1 Kd5 59. Ke1 Kc5
60. Kd2 Nb1+ 0-1